All The Chicks Songs - Statistics

General Stats
  • This quiz has been taken 21 times
  • The average score is 33 of 107
Answer Stats
Album Song % Correct
Fly Cowboy Take Me Away
93%
Wide Open Spaces Wide Open Spaces
93%
Gaslighter Gaslighter
86%
Home Landslide
86%
Fly Goodbye Earl
79%
Home Long Time Gone
79%
Taking the Long Way Not Ready to Make Nice
79%
Fly Ready to Run
79%
Wide Open Spaces There's Your Trouble
79%
Wide Open Spaces I Can Love You Better
71%
Home Travelin' Soldier
71%
Wide Open Spaces You Were Mine
71%
Home Godspeed (Sweet Dreams)
64%
Wide Open Spaces Let 'Er Rip
64%
Fly Sin Wagon
64%
Home Top of the World
64%
Home Truth No. 2
64%
Home A Home
57%
Fly Cold Day in July
57%
Taking the Long Way Easy Silence
57%
Gaslighter March March
57%
Wide Open Spaces Tonight the Heartache's on Me
57%
Fly Hello Mr. Heartache
50%
Fly Let Him Fly
50%
Home Lil' Jack Slade
50%
Wide Open Spaces Loving Arms
50%
Home More Love
50%
Taking the Long Way Silent House
50%
Taking the Long Way The Long Way Around
50%
Home White Trash Wedding
50%
Fly Without You
50%
Fly Don't Waste Your Heart
43%
Fly Heartbreak Town
43%
Fly Hole in My Head
43%
Home I Believe in Love
43%
Fly If I Fall You're Going Down with Me
43%
Taking the Long Way Lubbock or Leave It
43%
Wide Open Spaces Never Say Die
43%
Fly Some Days You Gotta Dance
43%
Gaslighter Texas Man
43%
Gaslighter Tights on My Boat
43%
Home Tortured, Tangled Hearts
43%
Taking the Long Way Lullaby
36%
Gaslighter Sleep at Night
36%
Gaslighter Everybody Loves You
29%
Wide Open Spaces I'll Take Care of You
29%
Gaslighter Julianna Calm Down
29%
Gaslighter My Best Friend's Wedding
29%
Taking the Long Way So Hard
29%
Gaslighter Young Man
29%
Wide Open Spaces Am I the Only One (Who's Ever Felt This Way)
21%
Taking the Long Way Bitter End
21%
Taking the Long Way Everybody Knows
21%
Gaslighter For Her
21%
Wide Open Spaces Give It Up or Let Me Go
21%
Gaslighter Hope It's Something Good
21%
Taking the Long Way I Hope
21%
Taking the Long Way I Like It
21%
Wide Open Spaces Once You've Loved Somebody
21%
Gaslighter Set Me Free
21%
Fly Ain't No Thang But a Chicken Wang
14%
Taking the Long Way Baby Hold On
14%
Taking the Long Way Favorite Year
14%
Taking the Long Way Live Wire
14%
Top of the World Tour: Live Mississippi
14%
Taking the Long Way Thin Line
14%
Runaway Bride (Soundtrack) You Can't Hurry Love
14%
Little Ol' Cowgirl A Heart That Can
7%
Little Ol' Cowgirl A Road Is Just a Road
7%
Little Ol' Cowgirl Aunt Mattie's Quilt
7%
Little Ol' Cowgirl Beatin' Around the Bush
7%
Thank Heavens for Dale Evans Brilliancy
7%
Thank Heavens for Dale Evans Bring It On Home to Me
7%
Shouldn't a Told You That Desire
7%
Thank Heavens for Dale Evans Green River
7%
Little Ol' Cowgirl Hallelujah, I Love Him So
7%
Shouldn't a Told You That I'm Falling Again
7%
Little Ol' Cowgirl Irish Medley
7%
Shouldn't a Told You That I've Only Got Myself to Blame
7%
Thank Heavens for Dale Evans I Want to Be a Cowboy's Sweetheart
7%
Shouldn't a Told You That I Wasn't Looking for You
7%
Little Ol' Cowgirl Just a Bit Like Me
7%
Little Ol' Cowgirl Little Ol' Cowgirl
7%
Thank Heavens for Dale Evans Long Roads
7%
Shouldn't a Told You That One Heart Away
7%
Little Ol' Cowgirl Past the Point of Rescue
7%
Little Ol' Cowgirl Pink Toenails
7%
Shouldn't a Told You That Planet of Love
7%
Thank Heavens for Dale Evans Rider
7%
Thank Heavens for Dale Evans Salty
7%
Little Ol' Cowgirl She'll Find Better Things to Do
7%
Shouldn't a Told You That Shouldn't a Told You That
7%
Little Ol' Cowgirl Standin' by the Bedside
7%
Thank Heavens for Dale Evans Storm Out on the Sea
7%
Thank Heavens for Dale Evans The Cowboy Lives Forever
7%
Single The Neighbor
7%
Shouldn't a Told You That There Goes My Dream
7%
Shouldn't a Told You That The Thrill Is in the Chase
7%
Thank Heavens for Dale Evans This Heart of Mine
7%
Thank Heavens for Dale Evans Thunderheads
7%
Little Ol' Cowgirl Two of a Kind
7%
Thank Heavens for Dale Evans West Texas Wild
7%
Shouldn't a Told You That Whistles and Bells
7%
Thank Heavens for Dale Evans Who Will Be the Next One
7%
Little Ol' Cowgirl You Send Me
7%
Thank Heavens for Dale Evans Thanks Heavens for Dale Evans
0%
Taking the Long Way Voice Inside My Heart
0%
No matching quizzes found
Score Distribution
Percent of People with Each Score
Percentile by Number Answered
Your Score History
You have not taken this quiz